Poesía de amor / (Registro nro. 15056)

Detalles MARC
000 -LIDER
fixed length control field 00820nam a22002657a 4500
001 - NÚMERO DE CONTROL
Identificador de número de control 001131
003 - IDENTIFICACDOR DE NÚMERO DE CONTROL
control field DO-SdBPM
005 - DATE AND TIME OF LATEST TRANSACTION
control field 20250515123958.0
007 - CAMPOS FIJOS DE DESCRIPCIÓN FÍSICA
fixed length control field 001131
008 - ELEMENTOS DE LONGITUD FIJA
fixed length control field 160812b1998 ch a| |g|| 00| 0 spa
020 ## - ISBN
International Standard Book Number 8439702027
040 ## - FUENTE DE CATALOGACIÓN
Agencia que crea de manera original el registro DO-SdBPM
Idioma de catalogación spa
Agencia que realiza la transcripción BPMSU
082 #4 - NÚMERO DE CLASIFICACIÓN DECIMAL DE DEWEY
Classification number Ch861.44
Item number N358p 1998
Edition number 22
100 1# - ASIENTO PRINCIPAL -- NOMBRE PERSONAL
Nombre personal Neruda, Pablo,
Fechas asociadas con el nombre 1904-1973
9 (RLIN) 19
245 10 - MENCIÓN DE TITULO
Título Poesía de amor /
Mención de responsabilidad Pablo Neruda ; seleción de Edgardo Dobry
246 14 - VARIACION DEL TÍTULO
Título propiamente dicho o título corto Neruda : Tantas veces la besé bajo el cielo infinito
260 ## - PUBLICACIÓN, DISTRIBUCIÓN, ETC. (PIE DE IMPRENTA)
Lugar de publicación, distribución, etc Madrid :
Nombre del editor, distribuidor, etc. Fundación Pablo Neruda,
Fecha de publicación, distribución, etc 1998
Nombre del editor, distribuidor, etc.
300 ## - DESCRIPCIÓN FÍSICA
Extensión 69 p. ;
Dimensiones 19 cm.
Otros detalles físicos
590 ## - NOTA LOCAL
Texto de la nota local Inventariado, 2025/VM
650 #4 - ENCABEZAMIENTO DE MATERIA--TEMÁTICO
Término temático o nombre geográfico como elemento de entrada Poesía chilena
650 #4 - ENCABEZAMIENTO DE MATERIA--TEMÁTICO
Término temático o nombre geográfico como elemento de entrada Literatura chilena
700 1# - ASIENTO SECUNDARIO -- NOMBRE PERSONAL
Nombre personal Dobry, Edgardo
Mención de responsabilidad selección
Fechas asociadas con el nombre
910 ## - VALIDACIÓN
Validación VMateo V. Control de calidad. BPMSU
942 ## - ADDED ENTRY ELEMENTS (KOHA)
Source of classification or shelving scheme Dewey Decimal Classification
Koha item type Libros
Existencias
Withdrawn status Lost status Source of classification or shelving scheme Damaged status Not for loan Collection code Home library Current library Date acquired Total Checkouts Full call number Barcode Date last seen Price effective from Koha item type
    Dewey Decimal Classification     Colección General Biblioteca Pública Metropolitana Salomé Ureña Biblioteca Pública Metropolitana Salomé Ureña 05/15/2025   BPMSU CG Ch861.44 N358p 1998 BPMSU25050031 05/15/2025 05/15/2025 Libros